000 00608nam a2200241Ia 4500
003 OSt
005 20221006144645.0
006 a|||||r|||| 00| 0
007 ta
008 221006b |||||||| |||| 00| 0 eng d
020 _c4.00
024 _a12,285
037 _cTextual
040 _aEASL
_cEASL
_beng
041 _2eng
_aeng
082 _aV41.N4, H45
100 _aHAN-SENG Chen
_9650333
245 0 _aChinese peasant
260 _aCumberlege
_bOxford University
_c1945
300 _a31p.
_ccm.
942 _hV41.N4, H45
_cTEXL
_2CC
999 _c1080371
_d1080371